| 000 | 01097nam0a22002771 4500 | ||
|---|---|---|---|
| 001 | rc\3672646 | ||
| 005 | 20250610112929.0 | ||
| 035 | _a(NLR Aleph) 007878679 | ||
| 090 |
_a7904132 _c7904132 |
||
| 100 | _a20130115d1974 |||y0rusy50 ca | ||
| 101 | 0 | _arus | |
| 102 | _aRU | ||
| 105 | _ay z ||||| | ||
| 200 | 1 |
_aОтчет о командировке в Канаду и США _fАН СССР. ВИНИТИ |
|
| 210 |
_aМосква _cБ. и. _d1974 |
||
| 215 |
_a18 с. _d22 |
||
| 300 | _aПеред загл. авт.: чл.-кор. АН СССР В.Л. Контримавичус | ||
| 333 | _aДля служебного пользования. Экз. № 000006 | ||
| 532 | 1 | 2 | _aОтчет о командировке в Канаду и Соединенные Штаты Америки |
| 700 | 1 |
_aКонтримавичюс _bВ.Л. _f1930- _gВитаутас Леонович |
|
| 790 | 1 |
_aКонтримавичус _bВ.Л. _f1930- _gВитаутас Леонович |
|
| 801 | 0 |
_aRU _bNLR _gpsbo |
|
| 801 | 1 |
_aRU _bELAR _2rusmarc |
|
| 852 |
_aNLR _j74-50К/5175 |
||
| 942 | _cBOOK | ||
| 980 | _aNB | ||